[Event "Xtracon Chess Open 2016"]
[Site "Elsinore"]
[Date "2016.07.30"]
[Round "9.194"]
[White "Thybo, Jan"]
[Black "Cithu, Arjun Vijay"]
[Result "0-1"]
[WhiteElo "1382"]
[BlackElo "1330"]
[PlyCount "128"]
[EventDate "2016.07.23"]

1. e4 e6 2. Nc3 d5 3. Bb5+ c6 4. Ba4 Bd6 5. d4 Ne7 6. e5 Bc7 7. Nf3 O-O 8. Bg5
h6 9. Bh4 Nd7 10. Qd2 b5 11. Bb3 b4 12. Ne2 a5 13. a3 bxa3 14. Rxa3 c5 15. c3
Ba6 16. O-O Rb8 17. Bc2 Rxb2 18. Bh7+ Kxh7 19. Qxb2 Kg8 20. Re1 Nb6 21. Qc1 Nc4
22. Ra2 Qd7 23. dxc5 Nxe5 24. Ned4 Nd3 25. Qe3 Nxe1 26. Ne5 Bxe5 27. Qxe5 Nd3
28. Qe3 Qc7 29. Bg3 Qxc5 30. Rd2 Qxc3 31. h4 Qc1+ 32. Kh2 Qc8 33. Ra2 Qc5 34.
Rc2 Qb6 35. Bc7 Qa7 36. Bxa5 Rc8 37. Ra2 Bc4 38. Ra3 Qb8+ 39. g3 Qe5 40. Rxd3
Qxe3 41. Rxe3 Nc6 42. Bc3 Nxd4 43. Bxd4 Bb5 44. g4 Rc2 45. Rb3 Bc4 46. Rb8+ Kh7
47. Rb7 f6 48. g5 hxg5 49. hxg5 Kg6 50. gxf6 gxf6 51. Kg3 Kf5 52. f4 e5 53.
fxe5 fxe5 54. Rf7+ Ke4 55. Ba7 d4 56. Re7 Rc3+ 57. Kg4 Rb3 58. Bc5 d3 59. Bd6
Rb5 60. Bxe5 Rxe5 61. Rd7 Rd5 62. Re7+ Kd4 63. Kf3 Kc3 64. Rc7 d2 0-1

[Event "Xtracon Chess Open 2016"]
[Site "Elsinore"]
[Date "2016.07.30"]
[Round "9.195"]
[White "Nielsen, Bent K"]
[Black "Jacobsen, Stig Jerlow"]
[Result "1-0"]
[WhiteElo "1349"]
[BlackElo "1322"]
[PlyCount "116"]
[EventDate "2016.07.23"]

1. e4 d5 2. exd5 Nf6 3. Nf3 e6 4. Bb5+ Bd7 5. Bxd7+ Nbxd7 6. dxe6 Qe7 7. O-O
fxe6 8. d4 O-O-O 9. Nbd2 h6 10. c3 g5 11. Re1 Bg7 12. Qb3 Nd5 13. Nc4 g4 14.
Nfe5 Nxe5 15. Nxe5 Bxe5 16. Rxe5 Rhg8 17. Bd2 h5 18. Rae1 Qh7 19. Rxe6 Nb6 20.
Re7 Qd3 21. Qe6+ Kb8 22. Qe5 Qc4 23. Bf4 Rc8 24. Qe6 Qd5 25. Re5 Qd8 26. Rc5
Ka8 27. Bxc7 Qxe7 28. Qxe7 Rge8 29. Qxe8 Rxe8 30. Re5 Rc8 31. Bxb6 axb6 32.
Rxh5 Ka7 33. Re5 Ka6 34. b3 Rxc3 35. f4 gxf3 36. gxf3 Rc1+ 37. Kf2 Rc2+ 38. Re2
Rc1 39. h4 b5 40. Kg3 Rd1 41. h5 Rxd4 42. Rh2 Rd8 43. h6 Rg8+ 44. Kf2 Rc8 45.
h7 Rc2+ 46. Kg3 Rxh2 47. Kxh2 Ka5 48. h8=Q Kb4 49. Qb2 Ka5 50. Qd2+ b4 51. f4
Kb5 52. f5 Kc5 53. f6 Kb5 54. f7 Ka5 55. f8=Q Ka6 56. Qd3+ Ka7 57. Qxb4 Ka8 58.
Qd8+ Ka7 1-0

[Event "Xtracon Chess Open 2016"]
[Site "Elsinore"]
[Date "2016.07.30"]
[Round "9.196"]
[White "Mansoor, Areeb"]
[Black "Jacobsen, Harald Kittel Lytom"]
[Result "1-0"]
[WhiteElo "1020"]
[BlackElo "1343"]
[PlyCount "61"]
[EventDate "2016.07.23"]

1. e4 e5 2. Nf3 Nc6 3. Nc3 Bc5 4. Bc4 Nf6 5. Ng5 O-O 6. d3 h6 7. Nf3 d6 8. O-O
Bg4 9. h3 Nd4 10. hxg4 Nxf3+ 11. Qxf3 Qd7 12. Be3 Nxg4 13. Bxc5 dxc5 14. Qg3 a6
15. Bd5 Nf6 16. Bxb7 Rab8 17. Bxa6 Rxb2 18. Rfc1 Nh5 19. Qh3 Qd6 20. Qxh5 Qxa6
21. Nd5 Qd6 22. Qf5 c4 23. dxc4 Qa3 24. Rd1 Rxc2 25. Rdb1 Qa7 26. Rb3 g6 27.
Qf6 Kh7 28. Rf1 Qxa2 29. Rg3 Rb8 30. Qxf7+ Kh8 31. Qxg6 1-0

[Event "Xtracon Chess Open 2016"]
[Site "Elsinore"]
[Date "2016.07.31"]
[Round "10.2"]
[White "Degraeve, Jean-Marc"]
[Black "Hammer, Jon Ludvig"]
[Result "1/2-1/2"]
[WhiteElo "2579"]
[BlackElo "2652"]
[PlyCount "117"]
[EventDate "2016.07.23"]

1. e4 c6 2. d4 d5 3. e5 Bf5 4. h4 h5 5. c4 e6 6. Nc3 Ne7 7. Bg5 Qb6 8. Qd2 Nd7
9. Nf3 Bg4 10. Nh2 Bf5 11. Nf3 Bg4 12. Nh2 f6 13. exf6 gxf6 14. Nxg4 hxg4 15.
Bf4 Nf5 16. O-O-O Qxd4 17. Qxd4 Nxd4 18. cxd5 e5 19. dxc6 bxc6 20. Be3 Bh6 21.
Bd3 Nc5 22. Bg6+ Ke7 23. Kb1 Nce6 24. Rhe1 Rad8 25. g3 f5 26. Bxd4 Nxd4 27.
Rxe5+ Kf6 28. Re8 Rhxe8 29. Bxe8 Bf8 30. Ne2 Rxe8 31. Nxd4 Rd8 32. Kc2 Bc5 33.
Kc3 Bb6 34. Rd3 Rd5 35. b3 Rc5+ 36. Kd2 Rd5 37. Kc3 Rc5+ 38. Kd2 Ba5+ 39. Kd1
Rd5 40. Kc2 Be1 41. b4 Bxf2 42. Nxc6 Rxd3 43. Kxd3 Bxg3 44. Nxa7 Bc7 45. Nb5
Bb6 46. Nd4 Ke5 47. Ne2 f4 48. h5 f3 49. h6 fxe2 50. h7 e1=Q 51. h8=Q+ Kd6 52.
Qf8+ Kd7 53. Qg7+ Kc6 54. Qxg4 Qe3+ 55. Kc4 Qc1+ 56. Kb3 Qb1+ 57. Kc3 Qxa2 58.
Qc4+ Qxc4+ 59. Kxc4 1/2-1/2

[Event "Xtracon Chess Open 2016"]
[Site "Elsinore"]
[Date "2016.07.31"]
[Round "10.3"]
[White "Marin, Mihail"]
[Black "Zuniga, Julio E Granda"]
[Result "1-0"]
[WhiteElo "2576"]
[BlackElo "2699"]
[PlyCount "117"]
[EventDate "2016.07.23"]

1. d4 g6 2. e4 Bg7 3. Nf3 d6 4. c3 Nd7 5. Bd3 e5 6. Nbd2 Ne7 7. Nf1 exd4 8.
cxd4 c5 9. d5 b5 10. Ng3 c4 11. Bc2 Nc5 12. O-O Bg4 13. Be3 O-O 14. Bd4 Bxf3
15. gxf3 Be5 16. Qd2 Qb6 17. Rad1 a5 18. f4 Bxd4 19. Qxd4 a4 20. a3 Rab8 21.
Kh1 Nd7 22. Qd2 Qc5 23. Rg1 Kh8 24. e5 f5 25. exd6 Ng8 26. Rge1 Rb6 27. Re6
Rxd6 28. Ne2 Ngf6 29. Nc3 Rb8 30. Rde1 Kg8 31. Rxd6 Qxd6 32. Re6 Qc5 33. Rc6
Qa7 34. Kg1 Qb7 35. Qd4 Kf7 36. Bd1 b4 37. axb4 Qxb4 38. Bxa4 Qxb2 39. Rc7 Rb7
40. d6 Rxc7 41. dxc7 Nb6 42. Bb5 Qa1+ 43. Kg2 Qa8+ 44. f3 Qb7 45. Qxb6 Qxb6 46.
c8=Q Kg7 47. Qxc4 Qd6 48. Ne2 Nh5 49. Qd4+ Qxd4 50. Nxd4 Nxf4+ 51. Kf2 Kf6 52.
Bc4 h6 53. Ne2 Ke5 54. Bf7 g5 55. Ng3 g4 56. fxg4 fxg4 57. Bh5 Nxh5 58. Nxh5
Kf5 59. Kg3 1-0

[Event "Xtracon Chess Open 2016"]
[Site "Elsinore"]
[Date "2016.07.31"]
[Round "10.4"]
[White "Shirov, Alexei"]
[Black "Tarjan, James E"]
[Result "1-0"]
[WhiteElo "2674"]
[BlackElo "2447"]
[PlyCount "71"]
[EventDate "2016.07.23"]

1. e4 e5 2. Nf3 Nc6 3. Bb5 a6 4. Ba4 Nf6 5. O-O Be7 6. Re1 b5 7. Bb3 d6 8. c3
O-O 9. h3 Nb8 10. d4 Nbd7 11. Nbd2 Bb7 12. Bc2 Re8 13. Nf1 Bf8 14. Ng3 g6 15.
b3 Bg7 16. d5 Rc8 17. Be3 c6 18. c4 Nb6 19. Qe2 cxd5 20. cxd5 Nbxd5 21. exd5
Nxd5 22. Rac1 Nc3 23. Qd2 Nxa2 24. Ra1 Nc3 25. Bh6 Bh8 26. Nh2 b4 27. Ng4 d5
28. f4 e4 29. f5 d4 30. Bg5 Qd5 31. Nxe4 Rxe4 32. Bxe4 Nxe4 33. Rxe4 h5 34.
Nh6+ Kh7 35. Re7 gxf5 36. Nxf7 1-0

[Event "Xtracon Chess Open 2016"]
[Site "Elsinore"]
[Date "2016.07.31"]
[Round "10.5"]
[White "Vovk, Andriy"]
[Black "Carlstedt, Jonathan"]
[Result "0-1"]
[WhiteElo "2637"]
[BlackElo "2457"]
[PlyCount "76"]
[EventDate "2016.07.23"]

1. e4 e5 2. Nf3 Nc6 3. d4 exd4 4. Nxd4 Nf6 5. Nc3 Bb4 6. Nxc6 bxc6 7. Bd3 d5 8.
exd5 cxd5 9. O-O O-O 10. Bg5 c6 11. Qf3 Bd6 12. h3 Rb8 13. Na4 h6 14. Bf4 Rb4
15. Bxd6 Qxd6 16. b3 Rf4 17. Qg3 g5 18. c3 Bd7 19. Rfe1 c5 20. Nb2 Bc6 21. Bc2
d4 22. Nc4 Qd8 23. Re5 Be4 24. Bxe4 Nxe4 25. Qxf4 gxf4 26. Rxe4 dxc3 27. Rxf4
Re8 28. Ne3 Qd2 29. Rc4 f5 30. Rf1 Re4 31. Rxc5 f4 32. Nc4 Qd4 33. Rc7 Re2 34.
a4 a5 35. Na3 Qe5 36. Nb5 c2 37. Rc4 f3 38. gxf3 Re1 0-1

[Event "Xtracon Chess Open 2016"]
[Site "Elsinore"]
[Date "2016.07.31"]
[Round "10.6"]
[White "Svane, Rasmus"]
[Black "Naroditsky, Daniel"]
[Result "1/2-1/2"]
[WhiteElo "2549"]
[BlackElo "2634"]
[PlyCount "92"]
[EventDate "2016.07.23"]

1. Nf3 d5 2. d4 Nf6 3. c4 e6 4. Nc3 Bb4 5. Bg5 h6 6. Bxf6 Qxf6 7. Qb3 Nc6 8. e3
dxc4 9. Bxc4 O-O 10. O-O Bd6 11. Rac1 e5 12. Bd5 exd4 13. Ne4 Qe7 14. Nxd6 cxd6
15. Nxd4 Nxd4 16. exd4 Re8 17. Qb4 Rb8 18. Rfe1 Be6 19. Bxe6 fxe6 20. h3 Rbc8
21. Qb3 Rxc1 22. Rxc1 d5 23. Rc5 Rf8 24. Qe3 Qd6 25. a3 a6 26. b4 Re8 27. g3
Qd7 28. Kg2 Rc8 29. Qe5 Kf7 30. h4 b6 31. Rxc8 Qxc8 32. Qd6 Qc3 33. Qxb6 Qxa3
34. Qc7+ Kf8 35. Qb8+ Kf7 36. Qa7+ Kf6 37. b5 Qd3 38. bxa6 Qe4+ 39. Kg1 Qe1+
40. Kg2 Qe4+ 41. Kf1 Qb1+ 42. Ke2 Qc2+ 43. Kf1 Qb1+ 44. Ke2 Qc2+ 45. Ke3 Qc3+
46. Ke2 Qc2+ 1/2-1/2

[Event "Xtracon Chess Open 2016"]
[Site "Elsinore"]
[Date "2016.07.31"]
[Round "10.7"]
[White "Andersen, Mads"]
[Black "Maze, Sebastien"]
[Result "1/2-1/2"]
[WhiteElo "2525"]
[BlackElo "2628"]
[PlyCount "67"]
[EventDate "2016.07.23"]

1. e4 e5 2. Nf3 Nc6 3. Bb5 Nge7 4. Nc3 d6 5. d4 a6 6. Be2 exd4 7. Nxd4 Nxd4 8.
Qxd4 Nc6 9. Qd1 g6 10. Be3 Bg7 11. Qd2 Be6 12. O-O O-O 13. Rad1 Re8 14. b3 Qf6
15. Nd5 Bxd5 16. exd5 Ne7 17. g4 Nc8 18. Rfe1 Nb6 19. Kg2 Nd7 20. c4 Nc5 21.
Bf3 b6 22. Bg5 Qc3 23. Re3 Qxd2 24. Rxe8+ Rxe8 25. Rxd2 a5 26. Re2 Be5 27. Bd2
Ra8 28. Be4 Nxe4 29. Rxe4 f5 30. gxf5 gxf5 31. Re1 Kf7 32. Kf3 Rg8 33. h3 Kf6
34. a4 1/2-1/2

[Event "Xtracon Chess Open 2016"]
[Site "Elsinore"]
[Date "2016.07.31"]
[Round "10.8"]
[White "Agdestein, Simen"]
[Black "Burmakin, Vladimir"]
[Result "1/2-1/2"]
[WhiteElo "2603"]
[BlackElo "2549"]
[PlyCount "67"]
[EventDate "2016.07.23"]

1. e4 c6 2. d4 d5 3. e5 Bf5 4. h4 Qb6 5. Nc3 h5 6. b3 e6 7. Na4 Qc7 8. Be3 Nd7
9. c3 Ba3 10. b4 b5 11. Qb3 a5 12. Qxa3 axb4 13. cxb4 Rxa4 14. Qc3 Qb7 15. Be2
Nb6 16. Bd1 Ra6 17. Ne2 Nc4 18. O-O Ra3 19. Bb3 Ne7 20. Bc1 Ra6 21. Bg5 Qa7 22.
Nf4 Ra3 23. Rfd1 Bg4 24. f3 Bf5 25. Kh2 Kd7 26. Qc1 Nc8 27. Nd3 Bxd3 28. Rxd3
N8b6 29. Qe1 Ra6 30. Qf2 Qa8 31. Rc1 Qf8 32. Qe1 Ra7 33. Rc2 Ra8 34. Re2
1/2-1/2

[Event "Xtracon Chess Open 2016"]
[Site "Elsinore"]
[Date "2016.07.31"]
[Round "10.9"]
[White "Delorme, Axel"]
[Black "Vorobiov, Evgeny E"]
[Result "1/2-1/2"]
[WhiteElo "2514"]
[BlackElo "2584"]
[PlyCount "69"]
[EventDate "2016.07.23"]

1. d4 Nf6 2. Nf3 d5 3. g3 g6 4. c4 c6 5. Bg2 Bg7 6. cxd5 cxd5 7. Ne5 O-O 8. Nc3
Bf5 9. O-O Ne4 10. Nxe4 Bxe4 11. Qb3 Bxg2 12. Kxg2 Nc6 13. Rd1 e6 14. Nxc6 bxc6
15. Bf4 Qb6 16. Bd6 Rfc8 17. Qc3 Bf8 18. Bxf8 Kxf8 19. Rdc1 a5 20. Rc2 Qb4 21.
Qe3 a4 22. h4 h5 23. Rac1 Qd6 24. Qh6+ Ke7 25. Qg5+ Ke8 26. Qf6 Rab8 27. Rxc6
Rxc6 28. Rxc6 Qxc6 29. Qh8+ Ke7 30. Qxb8 Qc4 31. e3 Qxa2 32. Qc7+ Kf6 33. Qe5+
Ke7 34. Qc7+ Kf6 35. Qe5+ 1/2-1/2

[Event "Xtracon Chess Open 2016"]
[Site "Elsinore"]
[Date "2016.07.31"]
[Round "10.11"]
[White "Kristiansen, Jens"]
[Black "Dreev, Aleksey"]
[Result "0-1"]
[WhiteElo "2410"]
[BlackElo "2664"]
[PlyCount "90"]
[EventDate "2016.07.23"]

1. d4 d5 2. c4 c6 3. Nf3 Nf6 4. Nc3 e6 5. g3 dxc4 6. Bg2 Nbd7 7. O-O Be7 8. e4
O-O 9. Bf4 Nh5 10. Be3 Nhf6 11. Bf4 Re8 12. a4 Nf8 13. Qe2 Ng6 14. Bg5 e5 15.
dxe5 Ng4 16. Rad1 Qc7 17. Bxe7 Qxe7 18. Qxc4 Be6 19. Qe2 N4xe5 20. Nxe5 Nxe5
21. Rd4 Bb3 22. Qe3 Nc4 23. Qc1 Rad8 24. Ne2 Qb4 25. Qg5 Qa5 26. h4 Qxg5 27.
hxg5 c5 28. Rxd8 Rxd8 29. Rc1 Rd1+ 30. Bf1 b6 31. Rxd1 Bxd1 32. Nc3 Nxb2 33.
Bb5 Bf3 34. Kf1 Nd1 35. Nxd1 Bxd1 36. Ke1 Bg4 37. Kd2 Kf8 38. a5 Ke7 39. axb6
axb6 40. f4 Bd7 41. Bd3 Kd6 42. e5+ Kd5 43. Bxh7 g6 44. Bg8 Ke6 45. g4 Ke7 0-1

[Event "Xtracon Chess Open 2016"]
[Site "Elsinore"]
[Date "2016.07.31"]
[Round "10.12"]
[White "Brunello, Sabino"]
[Black "Sipila, Vilka"]
[Result "1/2-1/2"]
[WhiteElo "2567"]
[BlackElo "2458"]
[PlyCount "81"]
[EventDate "2016.07.23"]

1. d4 Nf6 2. c4 g6 3. Nc3 Bg7 4. e4 d6 5. Nf3 O-O 6. Be2 e5 7. O-O Nc6 8. d5
Ne7 9. b4 Nh5 10. g3 f5 11. Ng5 Nf6 12. Bf3 fxe4 13. Ngxe4 Bh3 14. Re1 Nxe4 15.
Nxe4 Bf5 16. h4 Qd7 17. g4 Bxe4 18. Bxe4 Bf6 19. g5 Bg7 20. Kg2 Nf5 21. Rh1 h5
22. gxh6 Bxh6 23. Qd3 Qg7 24. Rh2 Bxc1 25. Rxc1 Qh6 26. Rg1 Nxh4+ 27. Kh1 g5
28. Rg4 Kh8 29. Rhxh4 gxh4 30. Qh3 Rf4 31. Rg6 Qf8 32. Rg5 Qh6 33. Rg6 Qf8 34.
Rg5 Qe8 35. Bg6 Qa4 36. Bh5 Rg8 37. Qe6 Rxg5 38. Qh6+ Kg8 39. Qxg5+ Kh8 40.
Qh6+ Kg8 41. Qg5+ 1/2-1/2

[Event "Xtracon Chess Open 2016"]
[Site "Elsinore"]
[Date "2016.07.31"]
[Round "10.14"]
[White "Schandorff, Lars"]
[Black "Holm, Kristian Stuvik"]
[Result "1/2-1/2"]
[WhiteElo "2521"]
[BlackElo "2411"]
[PlyCount "32"]
[EventDate "2016.07.23"]

1. d4 Nf6 2. Nf3 g6 3. g3 Bg7 4. Bg2 d5 5. O-O O-O 6. c4 c6 7. Nbd2 a5 8. b3
Ne4 9. Bb2 Bf5 10. Nh4 Nxd2 11. Qxd2 Be6 12. Rac1 a4 13. cxd5 cxd5 14. Bc3 axb3
15. axb3 Qb6 16. Qb2 Nc6 1/2-1/2

[Event "Xtracon Chess Open 2016"]
[Site "Elsinore"]
[Date "2016.07.31"]
[Round "10.15"]
[White "Colpe, Malte"]
[Black "Schroeder, Jan-Christian"]
[Result "1/2-1/2"]
[WhiteElo "2385"]
[BlackElo "2507"]
[PlyCount "32"]
[EventDate "2016.07.23"]

1. d4 d5 2. c4 e6 3. Nc3 c6 4. e4 dxe4 5. Nxe4 Bb4+ 6. Nc3 c5 7. Be3 Ne7 8. a3
Ba5 9. Nge2 cxd4 10. Qxd4 Nf5 11. Qxd8+ Bxd8 12. Bf4 Nc6 13. Ng3 Nfd4 14. O-O-O
O-O 15. Bd6 Re8 16. b4 e5 1/2-1/2

[Event "Xtracon Chess Open 2016"]
[Site "Elsinore"]
[Date "2016.07.31"]
[Round "10.16"]
[White "Jensson, Einar Hjalti"]
[Black "Rasmussen, Allan Stig"]
[Result "0-1"]
[WhiteElo "2371"]
[BlackElo "2504"]
[PlyCount "82"]
[EventDate "2016.07.23"]

1. e4 c6 2. d4 d5 3. exd5 cxd5 4. c4 Nf6 5. Nc3 e6 6. Nf3 Be7 7. cxd5 Nxd5 8.
Bd3 Nc6 9. O-O O-O 10. Re1 Bf6 11. Be4 Qd6 12. Bc2 Qb4 13. a3 Qb6 14. Na4 Qc7
15. Qd3 g6 16. Bh6 Rd8 17. Rac1 Nde7 18. Nc3 Nf5 19. Ne4 Be7 20. Be3 Qb6 21.
Ned2 Qxb2 22. Nc4 Qb5 23. Red1 b6 24. Nce5 Qxd3 25. Bxd3 Nxe5 26. Nxe5 Bd7 27.
Bxf5 exf5 28. Rc7 Ba4 29. Rxe7 Bxd1 30. Rxf7 Bb3 31. Re7 f4 32. Bxf4 Rxd4 33.
g3 Bd5 34. Kf1 Rc8 35. Bh6 Re4 36. f3 Bc4+ 37. Kg2 Re2+ 38. Kh3 a5 39. g4 Bf7
40. f4 g5 41. Nc6 Rxc6 0-1

[Event "Xtracon Chess Open 2016"]
[Site "Elsinore"]
[Date "2016.07.31"]
[Round "10.17"]
[White "Leenhouts, Koen"]
[Black "Wadsworth, Matthew J"]
[Result "1-0"]
[WhiteElo "2491"]
[BlackElo "2325"]
[PlyCount "85"]
[EventDate "2016.07.23"]

1. d4 d5 2. c4 c6 3. Nf3 Nf6 4. g3 Bg4 5. Ne5 Be6 6. cxd5 Qxd5 7. f3 c5 8. Nc3
Qxd4 9. Qxd4 cxd4 10. Nb5 Na6 11. Nxd4 Bd7 12. Bg5 e6 13. O-O-O Rc8+ 14. Kb1
Nc5 15. e4 h6 16. Bxf6 gxf6 17. Nxd7 Nxd7 18. Bb5 a6 19. Ba4 b5 20. Nxb5 axb5
21. Bxb5 Rc7 22. Rxd7 Rxd7 23. Rd1 Bc5 24. Rxd7 O-O 25. a4 Rb8 26. Kc2 Kf8 27.
g4 Rc8 28. Kb3 Rb8 29. f4 Bg1 30. h3 f5 31. gxf5 exf5 32. exf5 Be3 33. Kc2 Bxf4
34. Bc4 Ke8 35. Ra7 Rc8 36. Kd3 f6 37. a5 Be5 38. b3 Rc7 39. Ra8+ Ke7 40. a6
Rd7+ 41. Ke4 Bd4 42. Bb5 Ra7 43. Re8+ 1-0

[Event "Xtracon Chess Open 2016"]
[Site "Elsinore"]
[Date "2016.07.31"]
[Round "10.18"]
[White "McPhillips, Joseph"]
[Black "Zoler, Dan"]
[Result "1-0"]
[WhiteElo "2341"]
[BlackElo "2484"]
[PlyCount "81"]
[EventDate "2016.07.23"]

1. d4 Nf6 2. Nf3 b5 3. e3 a6 4. c4 bxc4 5. Bxc4 e6 6. O-O d5 7. Bd3 Bd6 8. Nc3
Bb7 9. Qe2 Ne4 10. Nd2 f5 11. f3 Nxd2 12. Bxd2 O-O 13. b4 Nd7 14. Na4 e5 15.
Nc5 Bxc5 16. bxc5 a5 17. Rab1 Qc8 18. Qd1 Ba6 19. Qb3 Bxd3 20. Qxd3 c6 21. Rb2
e4 22. fxe4 fxe4 23. Qe2 Rxf1+ 24. Qxf1 Rb8 25. Rxb8 Qxb8 26. Bxa5 Qb2 27. Qf2
Qa1+ 28. Be1 Nf6 29. h3 h6 30. Qe2 g5 31. Qf1 Nh5 32. Kh2 Ng7 33. Qf2 h5 34.
Ba5 g4 35. Bc7 gxh3 36. Be5 Ne8 37. Qg3+ Kf7 38. Qxh3 Qxa2 39. Qd7+ Kf8 40. Bf4
Qa8 41. Qh7 1-0

[Event "Xtracon Chess Open 2016"]
[Site "Elsinore"]
[Date "2016.07.31"]
[Round "10.19"]
[White "Ringoir, Tanguy"]
[Black "Aabling Thomsen, Jakob"]
[Result "1-0"]
[WhiteElo "2474"]
[BlackElo "2344"]
[PlyCount "67"]
[EventDate "2016.07.23"]

1. d4 d6 2. e4 Nf6 3. Nc3 g6 4. Nf3 Bg7 5. Be2 O-O 6. O-O e6 7. Be3 h6 8. Qc1
Kh7 9. Rd1 b6 10. e5 Nfd7 11. Bf4 dxe5 12. dxe5 Bb7 13. Qe3 Qe7 14. Ne4 Qb4 15.
Bd3 Nc6 16. c3 Qe7 17. Ng3 Rh8 18. h4 Kg8 19. b4 Qe8 20. Be4 Rb8 21. Rd2 Ne7
22. Bxb7 Rxb7 23. c4 Rb8 24. Rad1 Nf8 25. b5 Nf5 26. Qa3 Ra8 27. Ne4 Kh7 28. g4
Nxh4 29. Nxh4 g5 30. Bg3 gxh4 31. Bxh4 Qc8 32. Qf3 Ng6 33. Qxf7 Nxh4 34. Nf6#
1-0

[Event "Xtracon Chess Open 2016"]
[Site "Elsinore"]
[Date "2016.07.31"]
[Round "10.20"]
[White "Veng, Johnny"]
[Black "Gretarsson, Hjorvar Steinn"]
[Result "0-1"]
[WhiteElo "2280"]
[BlackElo "2550"]
[PlyCount "100"]
[EventDate "2016.07.23"]

1. Nf3 Nf6 2. g3 d5 3. Bg2 c6 4. O-O Bg4 5. d3 Nbd7 6. Qe1 e5 7. e4 dxe4 8.
dxe4 Bc5 9. h3 Be6 10. Qe2 h6 11. a4 a5 12. Nbd2 Qc7 13. Nh4 g6 14. Nc4 Nh5 15.
Ne3 Ng7 16. b3 Be7 17. Nf3 h5 18. h4 f6 19. Bd2 Nc5 20. Nc4 b6 21. Rfd1 O-O 22.
Bc3 Kh7 23. Kh2 b5 24. axb5 cxb5 25. Nxa5 Nxe4 26. Be1 Nc3 27. Bxc3 Qxc3 28.
Qe1 Rac8 29. Qxc3 Rxc3 30. Ne1 Rfc8 31. Nb7 Nf5 32. Ra6 Bf7 33. Bh3 R8c7 34.
Bxf5 Rxb7 35. Be6 Kg7 36. Bxf7 Kxf7 37. Kg2 Rcc7 38. Kf1 Bb4 39. Rd5 Bc3 40.
Nd3 b4 41. Nc5 Ra7 42. Rxa7 Rxa7 43. Na4 Bd4 44. Ke2 Rc7 45. Rxd4 exd4 46. Kd2
Ke6 47. Nb2 Kf5 48. f3 g5 49. Nd3 gxh4 50. gxh4 Rc3 0-1

[Event "Xtracon Chess Open 2016"]
[Site "Elsinore"]
[Date "2016.07.31"]
[Round "10.21"]
[White "Goh, Wei Ming Kevin"]
[Black "Haugli, Petter"]
[Result "1/2-1/2"]
[WhiteElo "2435"]
[BlackElo "2257"]
[PlyCount "80"]
[EventDate "2016.07.23"]

1. e4 c5 2. Nf3 e6 3. d4 cxd4 4. Nxd4 a6 5. c4 Nf6 6. Nc3 Bb4 7. Qd3 d5 8. exd5
exd5 9. Be2 O-O 10. O-O Nc6 11. Nxc6 bxc6 12. cxd5 Nxd5 13. Nxd5 Qxd5 14. Qxd5
cxd5 15. Be3 Be6 16. Rfc1 a5 17. a3 Be7 18. Bd4 Rfc8 19. Bb5 Bg5 20. Rc3 Bf6
21. Bxf6 gxf6 22. Rac1 Rxc3 23. Rxc3 Rb8 24. a4 Rc8 25. Rxc8+ Bxc8 26. f4 Kf8
27. Kf2 Ke7 28. Ke3 Kd6 29. Bd3 h6 30. Kd4 Bg4 31. Bb5 f5 32. Be8 f6 33. g3 Bf3
34. Bb5 Be4 35. Ba6 Kc6 36. Bc8 Kc7 37. Be6 Kd6 38. Bg8 Bc2 39. Bh7 Be4 40. Bg6
Kc6 1/2-1/2

[Event "Xtracon Chess Open 2016"]
[Site "Elsinore"]
[Date "2016.07.31"]
[Round "10.22"]
[White "Schmidt, Kristen"]
[Black "Ochsner, Bjorn Moller"]
[Result "0-1"]
[WhiteElo "2241"]
[BlackElo "2417"]
[PlyCount "116"]
[EventDate "2016.07.23"]

1. e4 c5 2. Nf3 d6 3. d4 cxd4 4. Nxd4 Nf6 5. Nc3 a6 6. h3 e5 7. Nde2 h5 8. Bg5
Be7 9. Bxf6 Bxf6 10. Nd5 Nd7 11. c4 O-O 12. Nec3 g6 13. Be2 Bg7 14. Qd2 Nc5 15.
O-O-O b5 16. Nb4 Bb7 17. f3 Qa5 18. Ncd5 bxc4 19. Bxc4 Rac8 20. Qe2 Kh7 21. Kb1
Ne6 22. a3 Nf4 23. Nxf4 exf4 24. Bxa6 Rb8 25. Bxb7 Rxb7 26. Rd5 Qa7 27. Rc1
Rfb8 28. Rc4 Be5 29. Rd2 Qa4 30. Qd1 Qb5 31. Rdc2 Qa4 32. Qd5 Qd7 33. Rc6 Qe7
34. Qc4 Kg7 35. Rc7 Qf6 36. Rxb7 Rxb7 37. Qc8 Rb5 38. Nd5 Qh4 39. a4 Qe1+ 40.
Ka2 Ra5 41. Qc4 Qd1 42. Qb3 Ra7 43. Rc4 Qd2 44. Rc7 Rxa4+ 45. Kb1 Qe1+ 46. Rc1
Ra1+ 47. Kxa1 Qxc1+ 48. Ka2 Qd2 49. h4 Qxg2 50. Ne7 Qh3 51. Qb8 Qe6+ 52. Nd5
Qd7 53. Ka3 Qh3 54. Qb3 Qxh4 55. Qd1 Qf2 56. b4 h4 57. b5 h3 58. b6 h2 0-1

[Event "Xtracon Chess Open 2016"]
[Site "Elsinore"]
[Date "2016.07.31"]
[Round "10.23"]
[White "Taylor, Adam C"]
[Black "Zude, Erik"]
[Result "1/2-1/2"]
[WhiteElo "2254"]
[BlackElo "2403"]
[PlyCount "53"]
[EventDate "2016.07.23"]

1. Nf3 d6 2. d4 Nf6 3. c4 Nbd7 4. Nc3 e5 5. g3 Be7 6. Bg2 O-O 7. O-O c6 8. Qc2
Re8 9. Rd1 Qc7 10. b3 Bf8 11. Bb2 g6 12. c5 d5 13. dxe5 Ng4 14. b4 Ndxe5 15.
Nxe5 Nxe5 16. e4 d4 17. Rxd4 Bg7 18. Nd1 Bg4 19. Rd6 Rad8 20. Rxd8 Rxd8 21. Ne3
Qd7 22. h3 Nf3+ 23. Kh1 Nd4 24. Bxd4 Bxd4 25. Re1 Bxe3 26. hxg4 Qd2 27. Qxd2
1/2-1/2

[Event "Xtracon Chess Open 2016"]
[Site "Elsinore"]
[Date "2016.07.31"]
[Round "10.24"]
[White "Haria, Ravi"]
[Black "Thorsbro, Peter"]
[Result "1-0"]
[WhiteElo "2394"]
[BlackElo "2239"]
[PlyCount "89"]
[EventDate "2016.07.23"]

1. Nf3 Nf6 2. g3 d5 3. Bg2 c6 4. c4 dxc4 5. O-O Qd5 6. Nc3 Qa5 7. d3 cxd3 8.
Qxd3 Nbd7 9. Rd1 e5 10. a3 Be7 11. b4 Qc7 12. Bb2 O-O 13. Rac1 Re8 14. Ng5 h6
15. Nd5 Qb8 16. Nxe7+ Rxe7 17. Ne4 Nxe4 18. Qxe4 Re8 19. f4 Nf6 20. Qxe5 Qxe5
21. Bxe5 Ng4 22. Bd4 Bf5 23. Rd2 Ne3 24. Bf3 Be4 25. Kf2 Bxf3 26. Kxf3 Nf5 27.
Bc5 b6 28. Bf2 Ne7 29. e4 Red8 30. Rcd1 Rxd2 31. Rxd2 Kf8 32. Rd7 Ke8 33. Rb7
Nc8 34. e5 Ne7 35. g4 Nd5 36. f5 a5 37. Bxb6 axb4 38. axb4 Nxb4 39. e6 fxe6 40.
fxe6 Ra3+ 41. Ke4 Na6 42. Ra7 Ra2 43. Kf5 Nb4 44. Rxg7 Nd3 45. Kf6 1-0

[Event "Xtracon Chess Open 2016"]
[Site "Elsinore"]
[Date "2016.07.31"]
[Round "10.25"]
[White "Hoi, Carsten"]
[Black "Tryggestad, Andreas Garberg"]
[Result "1/2-1/2"]
[WhiteElo "2386"]
[BlackElo "2216"]
[PlyCount "80"]
[EventDate "2016.07.23"]

1. d4 Nf6 2. c4 g6 3. Nc3 d5 4. Nf3 Bg7 5. Bg5 Ne4 6. Bh4 Nxc3 7. bxc3 dxc4 8.
e3 Be6 9. Be2 O-O 10. O-O b5 11. a4 c6 12. Ng5 Bd5 13. e4 h6 14. exd5 hxg5 15.
Bxg5 cxd5 16. axb5 Nd7 17. h4 Nf6 18. h5 Ne4 19. Qc1 Nxg5 20. Qxg5 e5 21. Qg4
Qc8 22. Qf3 exd4 23. Qxd5 Rd8 24. Qc6 d3 25. Bf3 d2 26. Qxa8 Qxa8 27. Bxa8 Rxa8
28. b6 Bxc3 29. Ra4 Bb2 30. Rxc4 axb6 31. hxg6 Re8 32. gxf7+ Kxf7 33. Rc2 Bc1
34. Rcxc1 dxc1=Q 35. Rxc1 Rb8 36. f4 Ke6 37. Kf2 b5 38. Ke3 b4 39. Kd4 b3 40.
Rb1 Kf5 1/2-1/2

[Event "Xtracon Chess Open 2016"]
[Site "Elsinore"]
[Date "2016.07.31"]
[Round "10.26"]
[White "Thybo, Jesper Sondergaard"]
[Black "Jorgensen, Dennis"]
[Result "0-1"]
[WhiteElo "2385"]
[BlackElo "2215"]
[PlyCount "114"]
[EventDate "2016.07.23"]

1. e4 c6 2. d4 d5 3. e5 Bf5 4. h4 h5 5. Bd3 Bxd3 6. Qxd3 e6 7. Bg5 Qb6 8. Nd2
Nd7 9. Ngf3 Ne7 10. b4 Nf5 11. Rb1 Qb5 12. c4 dxc4 13. Qc2 Nb6 14. O-O Be7 15.
Bxe7 Kxe7 16. Ne4 Qd5 17. Rfd1 Rab8 18. a4 Nxa4 19. Nd6 b5 20. Nxf5+ exf5 21.
Re1 g6 22. Qd2 Rbe8 23. Qg5+ Kd7 24. e6+ fxe6 25. Qxg6 Qxf3 26. gxf3 Rhg8 27.
Rxe6 Rxg6+ 28. Rxg6 Re2 29. Kf1 Rd2 30. Ke1 Ra2 31. Rg7+ Kd6 32. Rxa7 Ra3 33.
Rh7 Rxf3 34. Rxh5 Rh3 35. Rc1 Nb2 36. Kd2 Nd3 37. Rg1 Nxb4 38. Rh8 Nd5 39. h5
Rd3+ 40. Kc1 Nf4 41. Rg6+ Kd5 42. Rd8+ Ke4 43. Re8+ Kxd4 44. Rxc6 Kc3 45. h6
Rh3 46. Re3+ Nd3+ 47. Kd1 Rh2 48. h7 Rxh7 49. Ke2 Rd7 50. Rf6 Rd5 51. Rf3 Re5+
52. Re3 Rd5 53. Rf3 f4 54. R6xf4 Re5+ 55. Kf1 Re1+ 56. Kg2 b4 57. Rf8 b3 0-1